000 00805cam a22001457a 4500
008 180718b1970 xxu||||| |||| 00| 0 eng d
082 _aQ81x5442 M278
090 _av.4. Part IV (chapters 53 to 79). 386+p; V.5. Part V (chapter 80 to 99). 310+p; V.6. Parts VI and VII. (chapters 100 to 106). 180+p; V.7. Appendices 166+p
100 _aMaharashtra. Commission of Inquiry into the Communal Disturbaces at Bhiwandi, Jalgaon and Mahad
245 _aReport of the Commission of Inquiry into the Communal Disturbances at Bhiwandi, Jalgaon and Mahad in May 1970 by D.P. Madon
260 _aBombay
_bThe author
_c1970
300 _a7 vols.
500 _aLibrary has v.1. Parts I to III (chapters 1 to 32) V.2. Part III (chapters 33 to 45). 584+p' V.3. Part III (chapters 46 to 52. 317+p;
700 _aMadan, D.P.
999 _c489613
_d489613